[Event "Canadian op 48th U2000"]
[Site "Toronto"]
[Date "2011.07.13"]
[Round "5"]
[White "Strugach, Alex"]
[Black "Muir, Tom"]
[Result "1-0"]
[WhiteElo "1963"]
[BlackElo "1571"]
[PlyCount "53"]
[EventDate "2011.07.09"]
[EventType "swiss"]
[EventRounds "9"]
[EventCountry "CAN"]
[SourceTitle "EXT 2022"]
[Source "ChessBase"]
[SourceDate "2021.10.06"]
[SourceVersion "1"]
[SourceVersionDate "2021.10.06"]
[SourceQuality "1"]

1. e4 c6 2. d4 d5 3. exd5 cxd5 4. Nf3 Bf5 5. Bb5+ Nc6 6. 0-0 e6 7. Ne5 Qb6 8. Bxc6+ bxc6 9. c3 Nf6 10. Nd2 Qc7 11. Qa4 Rc8 12. Nb3 Nd7 13. Bf4 Bd6 14. Rfe1 Nxe5 15. dxe5 Be7 16. Be3 0-0 17. Qxa7 Qd8 18. Bc5 Bxc5 19. Qxc5 Qd7 20. Nd4 Bg6 21. a4 Bd3 22. b4 Rc7 23. Nb3 Ra8 24. Qd4 Bc2 25. Nc5 Qe7 26. Ra2 Rca7 27. Rxc2 1-0

[Event "Scarborough CC-ch Reserves U1700"]
[Site "Toronto"]
[Date "2011.04.21"]
[Round "9"]
[White "Muir, Tom"]
[Black "Song, Eric"]
[Result "1-0"]
[WhiteElo "1576"]
[BlackElo "1476"]
[PlyCount "95"]
[EventDate "2011.02.24"]
[EventType "swiss"]
[EventRounds "9"]
[EventCountry "CAN"]
[SourceTitle "EXT 2022"]
[Source "ChessBase"]
[SourceDate "2021.10.06"]
[SourceVersion "1"]
[SourceVersionDate "2021.10.06"]
[SourceQuality "1"]

1. e4 e5 2. Nf3 Nc6 3. Bb5 a6 4. Ba4 Nf6 5. c3 d6 6. d3 h6 7. 0-0 Bg4 8. Be3 Be7 9. Nbd2 0-0 10. Qc1 Bh5 11. d4 Kh7 12. Bxc6 bxc6 13. dxe5 Bxf3 14. exf6 Bxf6 15. Nxf3 Re8 16. Qc2 Qe7 17. e5+ Kg8 18. exf6 Qxf6 19. Rae1 c5 20. Qa4 Re7 21. Qf4 Qg6 22. Qa4 Qf6 23. Bd2 Rxe1 24. Rxe1 Qd8 25. Qe4 Qd7 26. c4 Rb8 27. b3 a5 28. Bxa5 Rc8 29. Qd5 Qd8 30. Re3 Ra8 31. Qd2 Qc8 32. Bc3 Qd8 33. Ne1 Qd7 34. Qb2 f6 35. Nd3 Qf5 36. Qe2 Qd7 37. Nf4 c6 38. Nh5 Kf8 39. Qc2 Kg8 40. Bxf6 Qf7 41. Re7 Qxh5 42. Rxg7+ Kf8 43. Rh7 Rxa2 44. Rh8+ Kf7 45. Qh7+ Kxf6 46. Rf8+ Ke5 47. Qe7+ Kd4 48. Qe3# 1-0

[Event "Scarborough CC-ch Reserves U1700"]
[Site "Toronto"]
[Date "2011.04.07"]
[Round "7"]
[White "Muir, Tom"]
[Black "Guo, Tan"]
[Result "0-1"]
[WhiteElo "1576"]
[BlackElo "1463"]
[PlyCount "94"]
[EventDate "2011.02.24"]
[EventType "swiss"]
[EventRounds "9"]
[EventCountry "CAN"]
[SourceTitle "EXT 2022"]
[Source "ChessBase"]
[SourceDate "2021.10.06"]
[SourceVersion "1"]
[SourceVersionDate "2021.10.06"]
[SourceQuality "1"]

1. e4 d6 2. d4 Nf6 3. Nc3 g6 4. Bc4 Bg7 5. Nge2 0-0 6. 0-0 c6 7. Bg5 Nbd7 8. Qd2 b5 9. Bb3 b4 10. Nd1 Nxe4 11. Qe3 Nxg5 12. Qxg5 e5 13. Qd2 exd4 14. Nxd4 c5 15. Bd5 Ba6 16. Nc6 Qf6 17. Re1 Rae8 18. c3 Bh6 19. Ne3 bxc3 20. bxc3 Bg7 21. Rac1 Nb6 22. Bb3 d5 23. Nxd5 Qxc6 24. Ne7+ Rxe7 25. Rxe7 Bb7 26. f3 c4 27. Bc2 Nd5 28. Be4 Qb6+ 29. Kh1 Nxe7 30. Rb1 Rd8 31. Qe2 Qd6 32. Bxb7 Bxc3 33. g3 Qd3 34. Qxd3 cxd3 35. Rd1 d2 36. Kg2 Nf5 37. Kf2 Re8 38. Be4 Nd6 39. Ke3 Nc4+ 40. Kd3 Nb2+ 41. Kxc3 Nxd1+ 42. Kxd2 Rd8+ 43. Kc2 Ne3+ 44. Kb3 Rb8+ 45. Ka4 Nc4 46. Bc6 Rb6 47. Bb5 Nb2+ 0-1

[Event "Scarborough CC-ch Reserves U1700"]
[Site "Toronto"]
[Date "2011.03.17"]
[Round "4"]
[White "Muir, Tom"]
[Black "Termeer, Ted"]
[Result "1-0"]
[WhiteElo "1576"]
[BlackElo "1425"]
[PlyCount "71"]
[EventDate "2011.02.24"]
[EventType "swiss"]
[EventRounds "9"]
[EventCountry "CAN"]
[SourceTitle "EXT 2022"]
[Source "ChessBase"]
[SourceDate "2021.10.06"]
[SourceVersion "1"]
[SourceVersionDate "2021.10.06"]
[SourceQuality "1"]

1. e4 c5 2. Nc3 d6 3. f4 Nc6 4. Nf3 a6 5. g3 Nf6 6. Bg2 h6 7. d3 Bg4 8. h3 Bd7 9. 0-0 Qc8 10. f5 e6 11. g4 Qc7 12. Bf4 e5 13. Be3 0-0-0 14. a3 Be7 15. Qe1 Nd4 16. Qf2 h5 17. g5 Ng8 18. Nd5 Qb8 19. b4 b6 20. c3 Nxf3+ 21. Bxf3 Bc6 22. c4 Bxd5 23. cxd5 Kd7 24. h4 Ke8 25. Qe2 g6 26. f6 Nxf6 27. gxf6 Bxf6 28. Bg5 Bxg5 29. hxg5 Rd7 30. Bg2 Qd8 31. Rf6 Qc7 32. Raf1 Rh7 33. Qf2 cxb4 34. axb4 b5 35. Rxg6 Kd8 36. Rg8+ 1-0

[Event "Scarborough CC Frost U1700"]
[Site "Toronto"]
[Date "2010.01.07"]
[Round "1"]
[White "Al Ganabi, Zaidun"]
[Black "Muir, Tom"]
[Result "1-0"]
[WhiteElo "1420"]
[BlackElo "1584"]
[PlyCount "69"]
[EventDate "2010.01.07"]
[EventType "swiss"]
[EventRounds "6"]
[EventCountry "CAN"]
[SourceTitle "EXT 2011"]
[Source "ChessBase"]
[SourceDate "2010.11.26"]
[SourceVersion "1"]
[SourceVersionDate "2010.11.26"]
[SourceQuality "1"]

1. d4 d5 2. c4 c6 3. e3 Nf6 4. Nc3 Bf5 5. Nf3 dxc4 6. Bxc4 e6 7. 0-0 Bd6 8. Re1 Ne4 9. Nxe4 Bxe4 10. Bd3 Bxd3 11. Qxd3 Nd7 12. e4 e5 13. Be3 0-0 14. Rad1 Bc7 15. Qb3 Qc8 16. dxe5 Nxe5 17. Bd4 Re8 18. Ng5 h6 19. Bxe5 hxg5 20. Bxc7 Qxc7 21. Rd3 c5 22. Qa4 a6 23. a3 b5 24. Qc2 c4 25. Rd5 Re5 26. Red1 Rae8 27. Rd7 Qa5 28. f3 f5 29. Qf2 R5e7 30. Qd4 fxe4 31. Qd5+ Kh8 32. Qxg5 Rxd7 33. Qh5+ Kg8 34. Qxe8+ Kh7 35. Qxd7 1-0

[Event "Toronto Spring-B 04"]
[Site "Toronto"]
[Date "2008.04.09"]
[Round "2"]
[White "Muir, Tom"]
[Black "Moran Venegas, Mario"]
[Result "0-1"]
[WhiteElo "1687"]
[BlackElo "1709"]
[PlyCount "98"]
[EventDate "2008.04.02"]
[EventType "tourn"]
[EventRounds "7"]
[EventCountry "CAN"]
[SourceTitle "EXT 2011"]
[Source "ChessBase"]
[SourceDate "2010.11.26"]
[SourceVersion "1"]
[SourceVersionDate "2010.11.26"]
[SourceQuality "1"]

1. d4 Nf6 2. c4 g6 3. Nc3 d5 4. e3 Bg7 5. cxd5 Nxd5 6. Bc4 Nxc3 7. bxc3 c5 8. Qf3 0-0 9. Ne2 Nc6 10. Bb2 cxd4 11. cxd4 Na5 12. Bd3 Bd7 13. 0-0 Rc8 14. Rfc1 Bc6 15. Be4 Bxe4 16. Qxe4 Qd7 17. Bc3 Nc4 18. Qd3 Rfd8 19. e4 e6 20. Rd1 b6 21. Qc2 Na3 22. Qd2 Nb5 23. Bb2 Rc4 24. e5 Bxe5 25. Qd3 Rcc8 26. a4 Nc7 27. Qe3 Bg7 28. Nf4 Nd5 29. Nxd5 Qxd5 30. Rac1 Rxc1 31. Rxc1 Bxd4 32. Bxd4 Qxd4 33. Qb3 Qd2 34. Rf1 Rc8 35. g3 Rc1 36. Qf3 Rxf1+ 37. Kxf1 Qd5 38. Qc3 Qd1+ 39. Kg2 Qxa4 40. Qc8+ Kg7 41. Qc3+ Kf8 42. Qh8+ Ke7 43. Qxh7 Qe4+ 44. Kg1 a5 45. h4 Qe5 46. f4 Qd4+ 47. Kg2 a4 48. h5 Qd5+ 49. Kh3 Qxh5+ 0-1

[Event "Scarborough CC Fall Swiss"]
[Site "Toronto"]
[Date "2007.11.15"]
[Round "3"]
[White "Muir, Tom"]
[Black "Paterson, Jim"]
[Result "0-1"]
[WhiteElo "1685"]
[BlackElo "1850"]
[PlyCount "98"]
[EventDate "2007.11.01"]
[EventType "swiss"]
[EventRounds "7"]
[EventCountry "CAN"]
[SourceTitle "EXT 2022"]
[Source "ChessBase"]
[SourceDate "2021.10.06"]
[SourceVersion "1"]
[SourceVersionDate "2021.10.06"]
[SourceQuality "1"]

1. d4 Nf6 2. c4 e5 3. dxe5 Ng4 4. Nf3 Nc6 5. Qd5 Bb4+ 6. Nc3 Qe7 7. Bg5 Bxc3+ 8. bxc3 Qa3 9. Rc1 Qxa2 10. h3 Nh6 11. Bxh6 gxh6 12. e3 Qb2 13. Qd2 Qxd2+ 14. Kxd2 b6 15. Bd3 Ba6 16. Ra1 Na5 17. Ra4 0-0-0 18. Rb1 Rhg8 19. g4 h5 20. g5 Bb7 21. e4 d6 22. Ke3 Rge8 23. exd6 cxd6 24. Nd4 Kb8 25. Rba1 Re5 26. h4 Rde8 27. f3 d5 28. cxd5 Rxd5 29. Kf4 Rc5 30. c4 Rd8 31. Ke3 Rxd4 32. Kxd4 Nb3+ 33. Kc3 Nxa1 34. Rxa1 Bc8 35. f4 Be6 36. f5 Bxc4 37. Bxc4 b5 38. Kb4 Rxc4+ 39. Kxb5 Rxe4 40. Rd1 Rxh4 41. Rd7 Rg4 42. Rxf7 Rxg5 43. Ka6 h6 44. Rf8+ Kc7 45. Kxa7 Kd7 46. Rf7+ Ke8 47. Rf6 Ke7 48. Rxh6 Rxf5 49. Kb6 Rf6+ 0-1

[Event "Toronto Howard Ridout Swiss"]
[Site "Toronto"]
[Date "2007.09.13"]
[Round "1"]
[White "Moysoski, Randy"]
[Black "Muir, Tom"]
[Result "1-0"]
[WhiteElo "1914"]
[BlackElo "1712"]
[PlyCount "65"]
[EventDate "2007.09.13"]
[EventType "swiss"]
[EventRounds "7"]
[EventCountry "CAN"]
[SourceTitle "EXT 2022"]
[Source "ChessBase"]
[SourceDate "2021.10.06"]
[SourceVersion "1"]
[SourceVersionDate "2021.10.06"]
[SourceQuality "1"]

1. e4 c6 2. Ne2 d5 3. e5 Bf5 4. Nd4 Qc8 5. Nxf5 Qxf5 6. d4 Qd7 7. Be3 e6 8. c4 Ne7 9. Nc3 Nf5 10. Be2 Nxe3 11. fxe3 Be7 12. 0-0 0-0 13. Qc2 Na6 14. c5 Nc7 15. Rf3 f5 16. exf6 Rxf6 17. Rh3 g6 18. Qb3 Ne8 19. Bg4 Ng7 20. Rd1 Raf8 21. Qa4 b6 22. b4 b5 23. Qa6 h5 24. Be2 Rf2 25. a4 bxa4 26. Qxa4 Qe8 27. Qa2 Qf7 28. Qa6 Bg5 29. Qd3 Re8 30. Rb1 Rf5 31. b5 cxb5 32. Nxb5 Re7 33. Nd6 1-0

[Event "Scarborough CC Early Summer Swiss"]
[Site "Toronto"]
[Date "2007.05.17"]
[Round "2"]
[White "Paterson, Jim"]
[Black "Muir, Tom"]
[Result "0-1"]
[WhiteElo "1858"]
[BlackElo "1523"]
[PlyCount "100"]
[EventDate "2007.05.10"]
[EventType "swiss"]
[EventRounds "8"]
[EventCountry "CAN"]
[SourceTitle "EXT 2022"]
[Source "ChessBase"]
[SourceDate "2021.10.06"]
[SourceVersion "1"]
[SourceVersionDate "2021.10.06"]
[SourceQuality "1"]

1. b3 e5 2. Bb2 Nc6 3. c4 Nf6 4. Nc3 d6 5. g3 Be7 6. Bg2 0-0 7. Nf3 Bg4 8. h3 Bf5 9. 0-0 Qd7 10. Kh2 Rfe8 11. d3 a6 12. Ng5 Rab8 13. Nge4 h6 14. Nxf6+ Bxf6 15. Nd5 Bd8 16. e4 Bh7 17. g4 Nd4 18. f4 c6 19. Ne3 exf4 20. Bxd4 fxe3 21. Bxe3 d5 22. Bf4 Bc7 23. Qf3 dxe4 24. dxe4 Bxe4 25. Qg3 Bxg2 26. Kxg2 Bxf4 27. Qxf4 Re2+ 28. Kh1 Rbe8 29. Rad1 Qe6 30. Rd2 Rxd2 31. Qxd2 Qe4+ 32. Kh2 Qe2+ 33. Rf2 Qe5+ 34. Kg2 Qc7 35. Rf5 Re6 36. Rf2 Qe7 37. Qf4 Rf6 38. Qb8+ Kh7 39. Rxf6 gxf6 40. Qf4 Kg7 41. Kf2 b5 42. h4 Qe5 43. Qxe5 fxe5 44. Kf3 Kg6 45. Ke4 f6 46. b4 h5 47. g5 fxg5 48. hxg5 Kxg5 49. Kxe5 h4 50. Ke4 Kg4 0-1

[Event "Scarborough CC Spring Swiss"]
[Site "Toronto"]
[Date "2007.04.05"]
[Round "4"]
[White "Muir, Tom"]
[Black "Tursman, Richard"]
[Result "1/2-1/2"]
[WhiteElo "1594"]
[BlackElo "1498"]
[PlyCount "89"]
[EventDate "2007.03.15"]
[EventType "swiss"]
[EventRounds "8"]
[EventCountry "CAN"]
[SourceTitle "EXT 2022"]
[Source "ChessBase"]
[SourceDate "2021.10.06"]
[SourceVersion "1"]
[SourceVersionDate "2021.10.06"]
[SourceQuality "1"]

1. e4 d5 2. exd5 Nf6 3. Nc3 Nxd5 4. Nxd5 Qxd5 5. d4 Bf5 6. Be3 Nc6 7. Nf3 Rd8 8. Bd3 Bg4 9. Be2 e5 10. dxe5 Qa5+ 11. Bd2 Qd5 12. Bc3 Qe6 13. Qc1 Bc5 14. Qf4 Bxf3 15. Bxf3 0-0 16. 0-0 Nd4 17. Qe4 Nxf3+ 18. Qxf3 c6 19. b3 Rd7 20. Rad1 Rfd8 21. Rxd7 Rxd7 22. Rd1 Rxd1+ 23. Qxd1 Bb6 24. Bd4 Bc7 25. Bxa7 Qxe5 26. g3 Qe6 27. c4 h6 28. Be3 Qf5 29. c5 h5 30. b4 h4 31. a3 h3 32. Qf1 Be5 33. f4 Qe4 34. Kf2 Bd4 35. Bxd4 Qxd4+ 36. Ke2 Qb2+ 37. Kd1 Qxh2 38. Ke1 Qxg3+ 39. Qf2 Qxa3 40. Qd4 Qa8 41. Kf2 Qa2+ 42. Ke3 h2 43. Qd8+ Kh7 44. Qh4+ Kg8 45. Qd8+ 1/2-1/2